00886 2200289 4500001002100000005001700021008004100038035002400079082001000103090001500113245012600128250001100254260009000265300001900355500003000374500003100404650002400435700001700459700002300476850001500499980001500514985000600529999001600535999001500551999001500566999001500581YOGYA-0209000003543420090227025017.0 ind  0010-020900000035434 a959.8 a959.8bKon aKongres nasional sejarah 1996 sub tema pemikiran dan analisis teks sejarahcpenyunting, M.P.B. Manus, Sri Sutjiatiningsih aCet. 1 aJakartabProyek Inventarisasi dan Dokumentasi Sejarah Nasional Dirjend.Depdibukc1998 a...bukuc21 cm aYang diterima : Buku 1, 2 aBibliografi : hlm. 286-287 aIndonesia - Sejarah aManus, M.P.B aSri Suciatiningsih aYOPDYOG(B) a28-09-2006 a4 a99A00032591 a99A0032590 a00A0001963 a00A0001964